00522nam a2200193 a 4500001001300000003000900013005001700022008004100039020000900080082001500089100002000104245002700124260004400151300000900195500003500204505003000239650003900269700002000308nice12345678IN_TiNIC20260116012418.0050524s1982 boma grp 000 0 eng  ac1500a225.6bMAC aMacarthur, John aIs the Bible Reliable? aBombaybGospel Literature Servicec1982 a145p aincludes index and biblioraphy2 aChro, Bibliography, Index aBible N.T. Criticism-Interpretaion1 aMacarthur, John